| Tag |
First Indicator |
Second Indicator |
Subfields |
| LEADER |
00000cam a2200000 4500 |
| 001 |
in00003869430 |
| 005 |
20190415191606.0 |
| 006 |
m o d |
| 007 |
cr |n||||||||n |
| 008 |
790607s1716 enk|||| o 00||||eng c |
| 035 |
|
|
|a (CU-RivES)T39248
|
| 035 |
|
|
|a (Uk-ES)006239176
|
| 035 |
|
|
|a (OCoLC)508613009
|
| 040 |
|
|
|a Uk-ES
|c Uk-ES
|d CU-RivES
|d CStRLIN
|d CU-RivES
|d Cengage Gale
|d UtOrBLW
|
| 050 |
|
4 |
|a DA785
|b .T446 1716
|
| 245 |
0 |
4 |
|a The Mercy of the government vindicated :
|b To which are added, remarks upon a late pamphlet entituled, An argument to prove the affections of the people the best security of the government.
|
| 264 |
|
1 |
|a London :
|b Printed for James Roberts at the Oxford-Arms in Warwick-lane,
|c 1716.
|
| 300 |
|
|
|a 1 online resource (36 pages)
|
| 336 |
|
|
|a text
|b txt
|2 rdacontent
|
| 337 |
|
|
|a computer
|b c
|2 rdamedia
|
| 338 |
|
|
|a online resource
|b cr
|2 rdacarrier
|
| 500 |
|
|
|a Sometimes attributed to Daniel Defoe.
|
| 500 |
|
|
|a 'An argument to prove' is by Francis Atterbury.
|
| 500 |
|
|
|a Price on title page: (Pr. 6 d.)
|
| 510 |
4 |
|
|a English Short Title Catalog,
|c T39248.
|
| 500 |
|
|
|a Reproduction of original from British Library.
|
| 500 |
|
|
|a Electronic resource.
|
| 600 |
1 |
0 |
|a Atterbury, Francis,
|d 1662-1732.
|t Argument to prove the affections of the people.
|
| 655 |
|
7 |
|a Electronic books.
|2 local
|
| 710 |
2 |
|
|a Gale (Firm)
|0 http://id.loc.gov/authorities/names/no2008071348
|
| 752 |
|
|
|a Great Britain
|b England
|d London.
|
| 856 |
4 |
0 |
|u http://proxy.library.tamu.edu/login?url=http://find.galegroup.com/ecco/infomark.do?contentSet=ECCOArticles&docType=ECCOArticles&bookId=1712101600&type=getFullCitation&tabID=T001&prodId=ECCO&docLevel=TEXT_GRAPHICS&version=1.0&source=library&userGroupName=txshracd2898
|z Connect to the full text of this electronic book
|t 0
|
| 999 |
f |
f |
|s c431551c-402e-30bd-a1a1-3d3c44692317
|i fe9704b7-77a2-34c5-9e1f-63fc343a0e5a
|t 0
|
| 952 |
f |
f |
|a Texas A&M University
|b College Station
|c Electronic Resources
|d Available Online
|t 0
|e DA785 .T446 1716
|h Library of Congress classification
|
| 998 |
f |
f |
|a DA785 .T446 1716
|t 0
|l Available Online
|